Introduction to social work and social welfare : (Record no. 1491)

000 -LEADER
fixed length control field 02844cam a2200493 i 4500
003 - CONTROL NUMBER IDENTIFIER
control field OSt
005 - DATE AND TIME OF LATEST TRANSACTION
control field 20210628095558.0
008 - FIXED-LENGTH DATA ELEMENTS--GENERAL INFORMATION
fixed length control field 121220s2014 caua b 001 0 eng d
020 ## - INTERNATIONAL STANDARD BOOK NUMBER
International Standard Book Number 1285077172
020 ## - INTERNATIONAL STANDARD BOOK NUMBER
International Standard Book Number 9781285077178
040 ## - CATALOGING SOURCE
Transcribing agency YDXCP
042 ## - AUTHENTICATION CODE
Authentication code lccopycat
043 ## - GEOGRAPHIC AREA CODE
Geographic area code n-us---
050 00 - LIBRARY OF CONGRESS CALL NUMBER
Classification number HV91
Item number .Z37 2014
100 1# - MAIN ENTRY--PERSONAL NAME
Personal name Zastrow, Charles.
245 10 - TITLE STATEMENT
Title Introduction to social work and social welfare :
Remainder of title empowering people /
Statement of responsibility, etc. Charles Zastrow.
250 ## - EDITION STATEMENT
Edition statement Eleventh Edition
264 #1 - PRODUCTION, PUBLICATION, DISTRIBUTION, MANUFACTURE, AND COPYRIGHT NOTICE
Place of production, publication, distribution, manufacture Belmont, CA :
Name of producer, publisher, distributor, manufacturer Brooks Cole, Cengage Learning,
Date of production, publication, distribution, manufacture, or copyright notice c2014
300 ## - PHYSICAL DESCRIPTION
Extent xvii, 621 pages :
Other physical details illustrations some color ;
Dimensions 26 cm.
336 ## - CONTENT TYPE
Content type term text
Content type code txt
Source rdacontent
337 ## - MEDIA TYPE
Media type term unmediated
Media type code n
Source rdamedia
338 ## - CARRIER TYPE
Carrier type term volume
Carrier type code nc
Source rdacarrier
504 ## - BIBLIOGRAPHY, ETC. NOTE
Bibliography, etc. note Includes bibliographical references and index.
650 #0 - SUBJECT ADDED ENTRY--TOPICAL TERM
Topical term or geographic name entry element Social service
General subdivision Vocational guidance
Geographic subdivision United States.
650 #0 - SUBJECT ADDED ENTRY--TOPICAL TERM
Topical term or geographic name entry element Public welfare
Geographic subdivision United States.
650 #7 - SUBJECT ADDED ENTRY--TOPICAL TERM
Topical term or geographic name entry element Public welfare.
Source of heading or term fast
Authority record control number or standard number (OCoLC)fst01083250
650 #7 - SUBJECT ADDED ENTRY--TOPICAL TERM
Topical term or geographic name entry element Social service.
Source of heading or term fast
Authority record control number or standard number (OCoLC)fst01123192
650 #7 - SUBJECT ADDED ENTRY--TOPICAL TERM
Topical term or geographic name entry element Social service
General subdivision Vocational guidance.
Source of heading or term fast
Authority record control number or standard number (OCoLC)fst01123302
651 #7 - SUBJECT ADDED ENTRY--GEOGRAPHIC NAME
Authority record control number or standard number (OCoLC)fst01204155
856 42 - ELECTRONIC LOCATION AND ACCESS
Uniform Resource Identifier http://www.loc.gov/catdir/enhancements/fy1510/2012956197-b.html
856 42 - ELECTRONIC LOCATION AND ACCESS
Uniform Resource Identifier http://www.loc.gov/catdir/enhancements/fy1510/2012956197-d.html
856 41 - ELECTRONIC LOCATION AND ACCESS
Uniform Resource Identifier http://www.loc.gov/catdir/enhancements/fy1510/2012956197-t.html
906 ## - LOCAL DATA ELEMENT F, LDF (RLIN)
a 7
b cbc
c copycat
d 3
e ncip
f 20
g y-gencatlg
942 ## - ADDED ENTRY ELEMENTS (KOHA)
Source of classification or shelving scheme
Koha item type Book
Suppress in OPAC MM
Holdings
Withdrawn status Lost status Source of classification or shelving scheme Damaged status Not for loan Permanent Location Current Location Shelving location Date acquired Total Checkouts Full call number Barcode Date last seen Price effective from Koha item type Public note
          AU LIBRARY AU LIBRARY Open Shelf 28.06.2021   HV91 .Z37 2014 28000650 28.06.2021 28.06.2021 Book MM

Powered by Koha